000 01049nam0a22003011 4500
001 RU\INFOCOMM_318\NLR\5000070600
005 20250613102419.0
010 _9100000 экз.
_a5-85651-001-1
035 _a(NLR Aleph) 009442878
090 _a8356010
_c8356011
100 _a20121126d1992 |||y0rusy50 ca
101 0 _aeng
102 _aRU
105 _ay z |||||
200 1 _aEnglish with my mummy
_fTamara Ignatova
210 _aМосква
_cВершина
_cРадио и связь
_d1992
215 _a87, [23] с.
_cил.
_d28 см
300 _aВ вып. дан. авт.: Игнатова Тамара Николаевна
606 _aАнглийский язык
_xОбучение в семье
_9971032
_3RU\NLR\AUTH\6645375
686 _aШ143.21-93рус1
_2rubbk
686 _aЧ491,6(2)7
_2rubbk
700 1 _9z01790
_aIgnatova
_bT. N.
_gTamara Nikolaevna
790 1 _9z01700
_aIgnatova
_bT.
_gTamara
_4070
801 1 _aRU
_bNLR
_c20121126
801 0 _aRU
_bINFOCOMM
_gPSBO
852 _aNLR
_jЯ61 Д-7/279
942 _cBOOK
980 _aNB